000 00658nam a2200229Ia 4500
003 OSt
005 20220924114401.0
006 a|||||r|||| 00| 0
007 ta
008 220923b |||||||| |||| 00| 0 hin d
024 _a60024
037 _cTextual
040 _aARTS
_cARTS
_bhin
041 _2hin
_ahin
082 _aQ21:222, 152G1.1 (P15)
100 _aDugvekar Govind Shastri Ed
_9173273
245 0 _aMarkandaye Purana
260 _aBanaras
_bArya Mahilahitkarini Mahaparishad
_c1931
650 _aRELIGION
942 _hQ21:222, 152G1.1 (P15)
_cTEXL
_2CC
999 _c393293
_d393293